Statistics for All Premier League Managers Ever

Click here to take the quiz!

General Stats

  • This quiz has been taken 4,469 times
    (161 since last reset)
  • The average score is 187 of 322

Answer Stats

ClubYearsManager% Correct
Arsenal1996-2018Arsène Wenger
100%
Manchester United2013-2014David Moyes
99%
Everton2002-2013David Moyes
99%
West Ham United2019—David Moyes
99%
West Ham United2017-2018David Moyes
99%
Sunderland2016-2017David Moyes
99%
Manchester United1986-2013Sir Alex Ferguson
98%
Tottenham Hotspur2019—José Mourinho
97%
Chelsea2013-2015José Mourinho
97%
Manchester United2016-2018José Mourinho
97%
Chelsea2004-2007José Mourinho
97%
Liverpool2015—Jürgen Klopp
95%
Liverpool2012-2015Brendan Rodgers
93%
Manchester United2018—Ole Gunnar Solskjær
93%
Swansea City2010-2012Brendan Rodgers
93%
Chelsea2019—Frank Lampard
93%
Cardiff City2014Ole Gunnar Solskjær
93%
2019—Mikel Arteta
93%
Leicester City2019—Brendan Rodgers
93%
Chelsea2012-2013Rafael Benítez
92%
Crystal Palace2017—Roy Hodgson
92%
Fulham2007-2010Roy Hodgson
92%
Liverpool2004-2010Rafael Benítez
92%
Liverpool2010-2011Roy Hodgson
92%
Manchester City2016—Pep Guardiola
92%
West Bromwich Albion2011-2012Roy Hodgson
92%
Blackburn Rovers1997-1998Roy Hodgson
92%
Newcastle United2016-2019Rafael Benítez
92%
Everton2017-2018Sam Allardyce
91%
Crystal Palace2016-2017Sam Allardyce
91%
Blackburn Rovers2008-2010Sam Allardyce
91%
West Ham United2011-2015Sam Allardyce
91%
Southampton2013-2014Mauricio Pochettino
91%
Sunderland2015-2016Sam Allardyce
91%
West Bromwich Albion2020—Sam Allardyce
91%
Bolton Wanderers1999-2007Sam Allardyce
91%
Tottenham Hotspur2014-2019Mauricio Pochettino
91%
Newcastle United2007-2008Sam Allardyce
91%
Birmingham City2001-2007Steve Bruce
89%
Newcastle United2019—Steve Bruce
89%
Arsenal2018-2019Unai Emery
89%
Hull City2012-2016Steve Bruce
89%
Wigan Athletic2007-2009Steve Bruce
89%
Sunderland2009-2011Steve Bruce
89%
Chelsea2009-2011Carlo Ancelotti
88%
Manchester United2014-2016Louis van Gaal
88%
2019—Carlo Ancelotti
88%
Everton1998-2002Walter Smith
87%
Derby County1995-2001Jim Smith
87%
Aston Villa2018—Dean Smith
87%
Crystal Palace1993-1995Alan Smith
87%
Fulham2018-2019Claudio Ranieri
86%
Leicester City2015-2017Claudio Ranieri
86%
Chelsea2000-2004Claudio Ranieri
86%
Burnley2012—Sean Dyche
84%
Manchester City2013-2016Manuel Pellegrini
82%
West Ham United2018-2019Manuel Pellegrini
82%
Wolverhampton Wanderers2017—Nuno Espírito Santo
81%
Bournemouth2012-2020Eddie Howe
80%
Southampton2004-2005Harry Redknapp
79%
Liverpool2011-2012Kenny Dalglish
79%
Queens Park Rangers2012-2015Harry Redknapp
79%
Tottenham Hotspur2008-2012Harry Redknapp
79%
Portsmouth2005-2008Harry Redknapp
79%
Portsmouth2002-2004Harry Redknapp
79%
Newcastle United1997-1998Kenny Dalglish
79%
Blackburn Rovers1991-1995Kenny Dalglish
79%
West Bromwich Albion2015-2017Tony Pulis
79%
Crystal Palace2013-2014Tony Pulis
79%
Stoke City2006-2013Tony Pulis
79%
West Ham United1994-2001Harry Redknapp
79%
Chelsea2016-2018Antonio Conte
78%
Fulham2019—Scott Parker
78%
Manchester United2014Ryan Giggs
77%
Stoke City2013-2018Mark Hughes
76%
Southampton2018Mark Hughes
76%
Blackburn Rovers2004-2008Mark Hughes
76%
Fulham2010-2011Mark Hughes
76%
Queens Park Rangers2012Mark Hughes
76%
Chelsea2018-2019Maurizio Sarri
76%
Manchester City2008-2009Mark Hughes
76%
Manchester City2009-2013Roberto Mancini
74%
Charlton Athletic2006-2008Alan Pardew
74%
West Ham United2003-2006Alan Pardew
74%
Newcastle United2010-2015Alan Pardew
74%
Crystal Palace2015-2016Alan Pardew
74%
West Bromwich Albion2009-2011Roberto Di Matteo
73%
Leeds United2018—Marcelo Bielsa
73%
Chelsea2012Roberto Di Matteo
73%
Brighton & Hove Albion2019—Graham Potter
72%
West Ham United2015-2017Slaven Bilić
71%
Everton2016-2017Ronald Koeman
71%
Chelsea2011-2012André Villas-Boas
71%
Tottenham Hotspur2012-2013André Villas-Boas
71%
Southampton2014-2016Ronald Koeman
71%
West Bromwich Albion2019-2020Slaven Bilić
71%
Blackburn Rovers2010-2012Steve Kean
70%
Chelsea2015-2016Guus Hiddink
69%
Sheffield United2016—Chris Wilder
69%
Chelsea2009Guus Hiddink
69%
Aston Villa2010-2011Gérard Houllier
67%
Liverpool1998-2004Gérard Houllier
67%
Brighton & Hove Albion2014-19Chris Hughton
66%
Newcastle United2009-2010Chris Hughton
66%
Norwich City2012-2014Chris Hughton
66%
Portsmouth2009-2010Avram Grant
65%
Everton2013-2016Roberto Martínez
65%
Wigan Athletic2009-2013Roberto Martínez
65%
Chelsea2007-2008Avram Grant
65%
West Ham United2010-2011Avram Grant
65%
Watford2017-2018Marco Silva
64%
Everton2018-2019Marco Silva
64%
Hull City2017Marco Silva
64%
Newcastle United2008Kevin Keegan
63%
Newcastle United1992-1997Kevin Keegan
63%
Manchester City2001-2005Kevin Keegan
63%
Southampton2018—Ralph Hasenhüttl
63%
Newcastle United2009Alan Shearer
63%
Leicester City2017Craig Shakespeare
63%
Norwich City2017—Daniel Farke
63%
Crystal Palace2014Neil Warnock
62%
West Bromwich Albion2004-2006Bryan Robson
62%
Watford2019-2020Nigel Pearson
62%
Queens Park Rangers2010-2012Neil Warnock
62%
Leicester City2011-2015Nigel Pearson
62%
Middlesbrough1994-2000Bryan Robson
62%
Sheffield United1999-2007Neil Warnock
62%
Newcastle United1999-2004Sir Bobby Robson
62%
Cardiff City2016-2019Neil Warnock
62%
Tottenham Hotspur2013-2014Tim Sherwood
61%
Leicester City1995-2000Martin O'Neill
61%
Aston Villa2006-2010Martin O'Neill
61%
Sunderland2011-2013Martin O'Neill
61%
Aston Villa2015Tim Sherwood
61%
Tottenham Hotspur1998-2001George Graham
60%
Arsenal1986-1995George Graham
60%
Leeds United1996-1998George Graham
60%
Huddersfield Town2015-2019David Wagner
60%
Crystal Palace2012-2013Ian Holloway
59%
Blackpool2009-2012Ian Holloway
59%
Crystal Palace2017Frank de Boer
58%
Middlesbrough2006-2009Gareth Southgate
58%
Nottingham Forest1975-1993Brian Clough
58%
Chelsea1996-1998Ruud Gullit
58%
Sunderland2006-2008Roy Keane
58%
Newcastle United1998-1999Ruud Gullit
58%
Southampton1996-1997Graeme Souness
57%
Blackburn Rovers2000-2004Graeme Souness
57%
Newcastle United2004-2006Graeme Souness
57%
Watford2019Quique Sánchez Flores
57%
Wolverhampton Wanderers2006-2012Mick McCarthy
57%
Liverpool1991-1994Graeme Souness
57%
Sunderland2003-2006Mick McCarthy
57%
Watford2015-2016Quique Sánchez Flores
57%
Sunderland2013Paolo Di Canio
56%
Newcastle United2015-2016Steve McClaren
56%
Middlesbrough2001-2006Steve McClaren
56%
Southampton2016-2017Claude Puel
55%
West Ham United2008-2010Gianfranco Zola
55%
Liverpool1994-1998Roy Evans
55%
Leicester City2017-2019Claude Puel
55%
Manchester City2005-2007Stuart Pearce
54%
Wolverhampton Wanderers2001-2004Dave Jones
54%
Southampton1997-2000Dave Jones
54%
Sunderland2013-2015Gus Poyet
54%
Swansea City2014-2015Garry Monk
53%
Manchester City2007-2008Sven-Göran Eriksson
53%
Wimbledon1992-1999Joe Kinnear
53%
Newcastle United2008-2009Joe Kinnear
53%
Norwich City2009-2012Paul Lambert
52%
Hull City2006-2010Phil Brown
52%
Aston Villa2012-2015Paul Lambert
52%
Chelsea2008-2009Luiz Felipe Scolari
52%
Aston Villa2002-2003Graham Taylor
51%
Chelsea1998-2000Gianluca Vialli
51%
Fulham2011-2013Martin Jol
51%
Leicester City2000-2001Peter Taylor
51%
Swansea City2012-2014Michael Laudrup
51%
Watford1996-2001Graham Taylor
51%
Tottenham Hotspur2004-2007Martin Jol
51%
Tottenham Hotspur2001-2003Glenn Hoddle
50%
Oldham Athletic1982-1994Joe Royle
50%
Watford2018-2019Javi Gracia
50%
Southampton2000-2001Glenn Hoddle
50%
Chelsea1993-1996Glenn Hoddle
50%
Manchester City1998-2001Joe Royle
50%
Everton1994-1997Joe Royle
50%
West Ham United2006-2008Alan Curbishley
50%
Charlton Athletic1991-2006Alan Curbishley
50%
Portsmouth2008-2009Tony Adams
49%
Bradford City1998-2000Paul Jewell
49%
Leicester City2002-2004Micky Adams
49%
Wigan Athletic2001-2007Paul Jewell
49%
Bolton Wanderers2010-2012Owen Coyle
49%
Norwich City2014-2015Neil Adams
49%
Derby County2007-2008Paul Jewell
49%
Burnley2007-2010Owen Coyle
49%
Coventry City1995-1996Ron Atkinson
48%
Nottingham Forest1999Ron Atkinson
48%
Aston Villa1991-1994Ron Atkinson
48%
Aston Villa2003-2006David O'Leary
48%
Sunderland2015Dick Advocaat
48%
Leeds United1998-2002David O'Leary
48%
Sheffield Wednesday1997-1998Ron Atkinson
48%
Southampton2017-2018Mauricio Pellegrino
47%
Southampton2001-2004Gordon Strachan
47%
Coventry City1996-2001Gordon Strachan
47%
Arsenal1995-1996Bruce Rioch
46%
Middlesbrough2013-2017Aitor Karanka
46%
Queens Park Rangers1994-1996Ray Wilkins
45%
Cardiff City2011-2013Malky Mackay
45%
Aston Villa2015-2016Rémi Garde
45%
Nottingham Forest1993-1996Frank Clark
45%
Fulham2014Felix Magath
45%
Bolton Wanderers2007-2009Gary Megson
45%
West Bromwich Albion2000-2004Gary Megson
45%
Derby County2006-2007Billy Davies
45%
Aston Villa2011-2012Alex McLeish
44%
Sunderland1995-2002Peter Reid
44%
Sunderland2002-2003Howard Wilkinson
44%
Birmingham City2007-2011Alex McLeish
44%
Barnsley1994-1998Danny Wilson
44%
Manchester City1990-1993Peter Reid
44%
Leeds United1988-1996Howard Wilkinson
44%
Leeds United2003Peter Reid
44%
Sheffield Wednesday1998-2000Danny Wilson
44%
Blackburn Rovers2008Paul Ince
43%
Tottenham Hotspur2007-2008Juande Ramos
43%
Everton1990-1993Howard Kendall
43%
Fulham2007Lawrie Sanchez
43%
Crystal Palace1984-1993Steve Coppell
43%
Everton1997-1998Howard Kendall
43%
Crystal Palace1997-1998Steve Coppell
43%
Norwich City2015-2017Alex Neil
43%
Bolton Wanderers2007Sammy Lee
43%
Reading2003-2009Steve Coppell
43%
Swansea City2016Bob Bradley
43%
Leeds United2002-2003Terry Venables
42%
Middlesbrough2000-2001Terry Venables
42%
Charlton Athletic2006Iain Dowie
42%
Leicester City1991-1994Brian Little
42%
Hull City2010Iain Dowie
42%
Crystal Palace2003-2006Iain Dowie
42%
Derby County2002-2003John Gregory
42%
Reading2013-2014Nigel Adkins
42%
Southampton2010-2013Nigel Adkins
42%
Aston Villa1994-1998Brian Little
42%
Newcastle United2015John Carver
42%
Aston Villa1998-2002John Gregory
42%
Southampton1994-1995Alan Ball
41%
West Ham United2001-2003Glenn Roeder
41%
Swansea City2017Paul Clement
41%
Manchester City1995-1996Alan Ball
41%
Hull City2016-2017Mike Phelan
41%
Newcastle United2006-2007Glenn Roeder
41%
Tottenham Hotspur1994-1997Gerry Francis
40%
West Bromwich Albion2014Pepe Mel
40%
Norwich City2000-2006Nigel Worthington
40%
Queens Park Rangers1991-1994Gerry Francis
40%
Sheffield Wednesday1991-1995Trevor Francis
40%
Nottingham Forest1997-1999Dave Bassett
40%
Sheffield United1988-1995Dave Bassett
40%
Reading2009-2013Brian McDermott
40%
West Bromwich Albion2006-2009Tony Mowbray
40%
Leicester City2001-2002Dave Bassett
40%
Watford2016-2017Walter Mazzarri
39%
West Bromwich Albion2012-2013Steve Clarke
39%
Fulham2003-2007Chris Coleman
39%
Norwich City1992-1994Mike Walker
39%
Everton1994Mike Walker
39%
Tottenham Hotspur2004Jacques Santini
37%
Fulham2015-2018Slaviša Jokanović
37%
Blackburn Rovers1998-1999Brian Kidd
36%
Watford2005-2008Aidy Boothroyd
36%
Chelsea1991-1993Ian Porterfield
35%
Swansea City2016Francesco Guidolin
35%
West Ham United2003Sir Trevor Brooking
35%
Fulham2000-2003Jean Tigana
35%
Tottenham Hotspur1997-1998Christian Gross
34%
Sheffield Wednesday1995-1997David Pleat
34%
Portsmouth2009Paul Hart
34%
Fulham2013-2014René Meulensteen
34%
Coventry City1993-1995Phil Neal
34%
Ipswich Town1990-1994John Lyall
34%
Manchester City1993-1995Brian Horton
33%
Sunderland2008-2009Ricky Sbragia
33%
Huddersfield Town2019Jan Siewert
33%
Burnley2010Brian Laws
32%
Wolverhampton Wanderers2012Terry Connor
32%
Tottenham Hotspur1993-1994Ossie Ardiles
32%
Blackburn Rovers1995-1996Ray Harford
32%
Wigan Athletic2007Chris Hutchings
31%
Bradford City2000Chris Hutchings
31%
Charlton Athletic2006Les Reed
31%
Swansea City2016Alan Curtis
31%
Sheffield Wednesday2000Peter Shreeves
31%
Southampton2004Paul Sturrock
31%
Bolton Wanderers1996-1999Colin Todd
31%
Derby County2001-2002Colin Todd
31%
Norwich City1994-1995John Deehan
31%
Swansea City2017-2018Carlos Carvalhal
30%
West Ham United1990-1994Billy Bonds
30%
Coventry City1992-1993Bobby Gould
30%
Bradford City2000-2001Jim Jefferies
30%
Bolton Wanderers1995-1996Roy McFarland
30%
Tottenham Hotspur1992-1993Ray Clemence
30%
Middlesbrough1991-1994Lennie Lawrence
30%
Leicester City1994-1995Mark McGhee
29%
Tottenham Hotspur1992-1993Doug Livermore
29%
Ipswich Town1994-2002George Burley
29%
Portsmouth2004-2005Velimir Zajec
29%
West Bromwich Albion2014Alan Irvine
28%
Portsmouth2005Alain Perrin
28%
Southampton2001Stuart Gray
27%
Wimbledon1999-2000Egil Olsen
26%
Queens Park Rangers2015Chris Ramsey
25%
Chelsea1993David Webb
25%
Swindon Town1993-1994John Gorman
25%
Southampton1995-1996David Merrington
23%
Wimbledon2000-2002Terry Burton
22%
Southampton2004Steve Wigley
22%
Southampton1991-1994Ian Branfoot
22%

Score Distribution

Percentile by Number Answered

Percent of People with Each Score

Your Score History

You have not taken this quiz since the last reset